书目信息 |
| 题名: |
光合作用
|
|
| 作者: | ;陈燕珍审定 ;新世纪编辑小组 编 | |
| 分册: | ||
| 出版信息: | 台北 银禾文化事业有限公司 1988.01 |
|
| 页数: | 162页 | |
| 开本: | 19cm | |
| 丛书名: | 新世纪丛书 | |
| 单 册: | ||
| 中图分类: | Q945.1 | |
| 科图分类: | ||
| 主题词: | 植物营养 , 植物--代谢 , 植物--呼吸 | |
| 电子资源: | ||
| ISBN: | ||
| 000 | 00865nam2 2200277 45 | |
| 001 | 0503151799 | |
| 005 | 20050316084717.8 | |
| 010 | @dCNY22.50 | |
| 100 | @a20050315d1988 km y0chiy0120 ea | |
| 101 | 0 | @achi |
| 105 | @a z 000yy | |
| 200 | 1 | @a光合作用@AGuang He Zuo Yong@e生命能量的来源@ESheng Ming Neng Liang De Lai Yuan@f新世纪编辑小组编@FXin Shi Ji Bian Ji Xiao Zu Bian@g陈燕珍审定 |
| 205 | @a4版 | |
| 210 | @a台北@c银禾文化事业有限公司@d1988.01 | |
| 215 | @a162页@d19cm | |
| 225 | @a新世纪丛书 | |
| 410 | @12001 @a新世纪丛书 | |
| 517 | @a生命能量的来源@ASheng Ming Neng Liang De Lai Yuan | |
| 606 | 0 | @a植物营养 |
| 606 | 0 | @a植物@x代谢 |
| 606 | 0 | @a植物@x呼吸 |
| 690 | @aQ945.1@v3 | |
| 702 | 0 | @a陈燕珍审定@AChen Yan Zhen Shen Ding |
| 711 | 02 | @a新世纪编辑小组@4编 |
| 801 | @aCN@bPftUser@c20050315 | |
| 905 | @f2@b262215-216@dQ945.1@e57=4 | |
| 光合作用:生命能量的来源/新世纪编辑小组编/陈燕珍审定.-4版.-台北:银禾文化事业有限公司,1988.01 |
| 162页;19cm.-(新世纪丛书) |
| ISBN :CNY22.50 |
| ● |
| 相关链接 |
|
|
|
|
正题名:光合作用
索取号:Q945.1/57=4
 
预约/预借
| 序号 | 登录号 | 条形码 | 馆藏地/架位号 | 状态 | 备注 |
| 1 | 0262215 | 001978480 | 第二样本阅览室/ [索取号:Q945.1/57=4] | 在馆 | |
| 2 | 0262216 | 001978408 | 密集书库/ [索取号:Q945.1/57=4] | 在馆 |